logo

Bir Sreshtho Munshi Abdur Rouf Library
Jhenaidah Cadet College

তথ্য ও যোগাযোগ প্রযুক্তি একাদশ -দ্বাদশ শ্রেণি / (Record no. 11348)

MARC details
000 -LEADER
fixed length control field 00805nam a2200217 a 4500
001 - CONTROL NUMBER
JCCL Control Number 11348
003 - CONTROL NUMBER IDENTIFIER
JCCL marc code BD-JhCC
005 - DATE AND TIME OF LATEST TRANSACTION
control field 20211212134021.0
008 - FIXED-LENGTH DATA ELEMENTS--GENERAL INFORMATION
fixed length control field 190831s20132019bg a|||| ||a| 000 0 ben d
035 ## - SYSTEM CONTROL NUMBER
system control number (BD-JhCC)11348
040 ## - CATALOGING SOURCE
Original cataloging agency BD-JhCC
Modifying agency BD-JhCC
041 ## - LANGUAGE CODE
Language code of Book ben
082 ## - DEWEY DECIMAL CLASSIFICATION NUMBER
Classification number 004
Author mark and Year RAH 2019
100 ## - MAIN ENTRY--PERSONAL NAME
Personal name রহমান, মাহবুবুর
245 ## - TITLE STATEMENT
Title তথ্য ও যোগাযোগ প্রযুক্তি একাদশ -দ্বাদশ শ্রেণি /
Statement of responsibility, etc মাহবুবুর রহমান ।
260 ## - PUBLICATION, DISTRIBUTION, ETC. (IMPRINT)
Place of publication, distribution, etc ঢাকা:
Name of publisher, distributor, etc সিসটেক পাবলিকেশন;
Date of publication, distribution, etc ২০১৯.
300 ## - PHYSICAL DESCRIPTION
Pagination ৫৯১ পৃ. :
Other physical details ill;
Dimensions ২৪ সেমি.
650 ## - SUBJECT ADDED ENTRY--TOPICAL TERM
Topical term or geographic name as entry element Computer Science
Geographic subdivision Computer Engneering
942 ## - ADDED ENTRY ELEMENTS (KOHA)
Source of classification or shelving scheme Dewey Decimal Classification
Koha item type Books
Koha issues (borrowed), all copies 7
Holdings
Source of classification or shelving scheme Damaged status Not for loan Home library Current library Shelving location Date of accession Cost, normal purchase price Total Checkouts Full call number Barcode Date last seen Date checked out Copy number Koha item type Checked out
Dewey Decimal Classification     JCC Rouf Library JCC Rouf Library General Stacks 08/31/2019 273.00 3 004 RAH 2019 15557 09/09/2025 05/30/2024 C-1 Books  
Dewey Decimal Classification     JCC Rouf Library JCC Rouf Library General Stacks 08/31/2019 273.00 2 004 RAH 2019 15556 12/11/2021 12/11/2021 C-2 Books 01/17/2022
Dewey Decimal Classification     JCC Rouf Library JCC Rouf Library General Stacks 08/31/2019 273.00 2 004 RAH 2019 15555 05/28/2024 05/13/2024 C-3 Books  

JCC Library | Contacts | JCC Home

Last Update on 23 September 2017
Copyright @ 2017-2020 JCC Rouf Library
Rouf Library, Jhenidah Cadet College (JCC), Bangladesh